00584nam a2200205 a 4500001001300000003000900013005001700022008004100039020001100080082001700091100002300108245008000131260003800211300000900249500003500258505001500293650002400308700002300332700002300355nice12345678IN_TiNIC20260116013857.0050524s1996 newa grp 000 0 eng  ac198200a361.763bFET aFetterman, Davod M aEmpowerment Evaluation, Knowledge and Tools for Self-Assessment & Accountab aNew Delhibsage publicationc1996 a411p aincludes index and biblioraphy2 aConclusion aSocial-Service-ngos1 aKaftarian Shakeh J1 aWandersman Abraham